Vademecum de bolsillo 1982 : guía de especialidades medicinales /

Guardado en:
Autor Principal: Vallory, Cesar
Formato: Libro
Publicado: Buenos Aires : Vdb, 1982
Edición:13a. ed.
Materias:
Etiquetas: Agregar Etiqueta
Sin Etiquetas, Sea el primero en etiquetar este registro!
LEADER 00597nam a22001935a 4500
001 CEM.cems006416
005 20060214000000.0
008 130507s1982##################000#0#####d
003 CEMS
082 0 4 |a 615.1 
100 1 |a Vallory, Cesar 
245 1 0 |a Vademecum de bolsillo 1982 :  |b guía de especialidades medicinales / 
250 |a 13a. ed. 
260 |a Buenos Aires :  |b Vdb,  |c 1982 
300 |a 866 p. 
505 0 |a Inmunidad.-Ant¡genos.-Antigenicidad.-Anticuerpos. 
653 |a Guia terapeutica 
653 |a Medicamentos-vademecum 
859 |a CEMS  |b BIB. CEMS - 11 de abril  |h 615.1  |i V245a13  |p 11952.83  |t Ej.1